000 00772nam a22001937a 4500
005 20231129113742.0
010 _aHIN-126418
020 _a9789390916658
_c300.00
035 _aHN-98764
037 _bDBAD/PUB.
082 _a841.08
100 _aसुशील कुमार
_959172
245 _aहिंदी ग़ज़ल का आत्मसंघर्ष:अपने समय की चुनी हुई गज़लों से गुज़रते हुए/
_cसुशील कुमार
250 _a1
260 _bप्रलेक प्रकाशन
_c2021
300 _a264 पृष्ट;
_c22 सेमी (अजिल्द)
710 _959164
942 _aDPL
_cHN
_2ddc
_h841.08
_mसुशील
999 _c199289
_d199289